000 00472nam a22001697a 4500
005 20230116100201.0
008 220210b ||||| |||| 00| 0 eng d
020 _a978-93-88897-99-0
041 _aeng
082 _a612
100 _aMANDLIK, DR. DEEPA.S. AND MANDLIK, PROF.SATISH.K
_97063
245 _aA TEXTBOOK OF HUMAN ANATOMY AND PHYSIOLOGY-II [SEM-II]
260 _aPUNE
_bNIRALI PRAKASHAN
300 _aI.4;p
650 _aPHARMACY
_xB.PHARMA
_97083
942 _cBK
999 _c7911
_d7909